000 01191nam a2200301 a 4500
001 ebr10677826
003 CaPaEBR
006 m u
007 cr cn|||||||||
008 130403s2013 njua sb 001 0 eng d
020 _z9780470659977
020 _z9781118613405 (e-book)
040 _aCaPaEBR
_cCaPaEBR
035 _a(OCoLC)841170427
050 1 4 _aRC683.5.U5
_bP73 2013eb
245 0 0 _aPractical manual of echocardiography in the urgent setting
_h[electronic resource] /
_cedited by Vladimir Fridman, Mario J. Garcia.
260 _aHoboken, N.J. :
_bWiley,
_c2013.
300 _axiv, 263 p. :
_bcol. ill.
504 _aIncludes bibliographical references and index.
533 _aElectronic reproduction.
_bPalo Alto, Calif. :
_cebrary,
_d2013.
_nAvailable via World Wide Web.
_nAccess may be limited to ebrary affiliated libraries.
650 0 _aEchocardiography.
650 0 _aEmergency medicine.
655 7 _aElectronic books.
_2local
700 1 _aFridman, Vladimir.
700 1 _aGarcia, Mario J.
710 2 _aebrary, Inc.
856 4 0 _uhttp://site.ebrary.com/lib/rucke/Doc?id=10677826
_zAn electronic book accessible through the World Wide Web; click to view
999 _c59327
_d59327